<?xml version="1.0" encoding="UTF-8"?>
<record
    xmlns:xsi="http://www.w3.org/2001/XMLSchema-instance"
    xsi:schemaLocation="http://www.loc.gov/MARC21/slim http://www.loc.gov/standards/marcxml/schema/MARC21slim.xsd"
    xmlns="http://www.loc.gov/MARC21/slim">

  <leader>00882nam a2200241 a 4500</leader>
  <controlfield tag="001">BRCA_8262</controlfield>
  <controlfield tag="005">20190320210212.0</controlfield>
  <controlfield tag="008">050614s1959----gw-a###f##---#001-0#ger-#</controlfield>
  <datafield tag="041" ind1=" " ind2=" ">
    <subfield code="a">ger</subfield>
  </datafield>
  <datafield tag="044" ind1=" " ind2=" ">
    <subfield code="a">gw</subfield>
  </datafield>
  <datafield tag="050" ind1=" " ind2="4">
    <subfield code="a">N50</subfield>
    <subfield code="b">.I5 1959</subfield>
  </datafield>
  <datafield tag="245" ind1="1" ind2="0">
    <subfield code="a">Internationales kunst-adressbuch 1958/59</subfield>
    <subfield code="b">vereignit mit deutsches kunst-adressbuch</subfield>
    <subfield code="c">founded by Walker Kaupert ; editor Helmut Rauschenbusch.</subfield>
  </datafield>
  <datafield tag="260" ind1=" " ind2=" ">
    <subfield code="a">Alemania</subfield>
    <subfield code="b">Kaupert, Zentraldruckerei AG</subfield>
    <subfield code="c">1959</subfield>
  </datafield>
  <datafield tag="300" ind1=" " ind2=" ">
    <subfield code="a">991 p.</subfield>
    <subfield code="b">il.</subfield>
    <subfield code="c">25 cm.</subfield>
  </datafield>
  <datafield tag="500" ind1=" " ind2=" ">
    <subfield code="a">S17</subfield>
  </datafield>
  <datafield tag="546" ind1=" " ind2=" ">
    <subfield code="a">Texto en: alem&#xE1;n, ingl&#xE9;s, franc&#xE9;s y espa&#xF1;ol</subfield>
  </datafield>
  <datafield tag="650" ind1="1" ind2="4">
    <subfield code="a">Obras de arte</subfield>
    <subfield code="v">Directorios</subfield>
    <subfield code="y">1958-1959</subfield>
    <subfield code="9">20630</subfield>
  </datafield>
  <datafield tag="700" ind1="1" ind2=" ">
    <subfield code="a">Kaupert, Walker</subfield>
    <subfield code="9">20631</subfield>
  </datafield>
  <datafield tag="700" ind1="1" ind2=" ">
    <subfield code="a">Rauschenbusch, Helmut</subfield>
    <subfield code="e">ed.</subfield>
    <subfield code="9">20632</subfield>
  </datafield>
  <datafield tag="740" ind1="0" ind2=" ">
    <subfield code="a">International Directory of Arts = Annuaire international des Beaux-arts = Anuario internacional de las artes</subfield>
  </datafield>
  <datafield tag="902" ind1=" " ind2=" ">
    <subfield code="a">GFM</subfield>
  </datafield>
  <datafield tag="942" ind1=" " ind2=" ">
    <subfield code="2">lcc</subfield>
    <subfield code="c">B</subfield>
  </datafield>
  <datafield tag="999" ind1=" " ind2=" ">
    <subfield code="c">7930</subfield>
    <subfield code="d">7930</subfield>
  </datafield>
  <datafield tag="952" ind1=" " ind2=" ">
    <subfield code="0">0</subfield>
    <subfield code="1">0</subfield>
    <subfield code="4">0</subfield>
    <subfield code="7">0</subfield>
    <subfield code="a">BRCA</subfield>
    <subfield code="b">BRCA</subfield>
    <subfield code="d">2014-06-05</subfield>
    <subfield code="i">S17</subfield>
    <subfield code="l">0</subfield>
    <subfield code="o">N50 .I5 1959 (S17)</subfield>
    <subfield code="p">8886</subfield>
    <subfield code="r">2019-03-22 00:00:00</subfield>
    <subfield code="w">2019-03-22</subfield>
    <subfield code="y">B</subfield>
  </datafield>
</record>
